书目信息 |
| 题名: |
英语阅读与思维培养
|
|
| 作者: | 陈则航, 著 | |
| 分册: | ||
| 出版信息: | 北京 外语教学与研究出版社 2021.01 |
|
| 页数: | 62页 | |
| 开本: | 21cm | |
| 丛书名: | 中国英语阅读教育研究院教师发展系列 | |
| 单 册: | ||
| 中图分类: | G633.412 | |
| 科图分类: | ||
| 主题词: | 英语--ying yu--阅读教学--教学研究--中小学 | |
| 电子资源: | ||
| ISBN: | 978-7-5213-2363-4 | |
| 000 | 01093nam 2200265 450 | |
| 001 | 012000045412 | |
| 005 | 20211025120159.0 | |
| 010 | @a978-7-5213-2363-4@dCNY12.80 | |
| 100 | @a20210802d2021 em y0chiy50 ea | |
| 101 | 0 | @achi@aeng |
| 102 | @aCN@b110000 | |
| 105 | @aak a 000yy | |
| 106 | @ar | |
| 200 | 1 | @a英语阅读与思维培养@Aying yu yue du yu si wei pei yang@f陈则航著 |
| 210 | @a北京@c外语教学与研究出版社@d2021.01 | |
| 215 | @a62页@c图@d21cm | |
| 225 | 2 | @a中国英语阅读教育研究院教师发展系列@Azhong guo ying yu yue du jiao yu yan jiu yuan jiao shi fa zhan xi lie@i外研社·英语分级阅读教学指南 |
| 320 | @a有书目 (第57-62页) | |
| 330 | @a本书主要从文本分析、提问和活动设计三个方面探讨了阅读中的思维培养问题, 并结合实例, 探讨了如何在课前、课中和课后通过阅读活动设计提升学生的思维品质。 | |
| 410 | 0 | @12001 @a中国英语阅读教育研究院教师发展系列@i外研社·英语分级阅读教学指南 |
| 606 | 0 | @a英语@Aying yu@x阅读教学@x教学研究@x中小学 |
| 690 | @aG633.412@v5 | |
| 701 | 0 | @a陈则航,@Achen ze hang@f1972-@4著 |
| 801 | 0 | @aCN@c20210909 |
| 905 | @a河南城建学院图书馆@dG633.412@eC642 | |
| 英语阅读与思维培养/陈则航著.-北京:外语教学与研究出版社,2021.01 |
| 62页:图;21cm.-(中国英语阅读教育研究院教师发展系列.外研社·英语分级阅读教学指南) |
| ISBN 978-7-5213-2363-4:CNY12.80 |
| 本书主要从文本分析、提问和活动设计三个方面探讨了阅读中的思维培养问题, 并结合实例, 探讨了如何在课前、课中和课后通过阅读活动设计提升学生的思维品质。 |
| ● |
| 相关链接 |
|
|
|
正题名:英语阅读与思维培养
索取号:G633.412/C642
 
预约/预借
| 序号 | 登录号 | 条形码 | 馆藏地/架位号 | 状态 | 备注 |
| 1 | 1545351 | 215453514 | 社科库409/409社科库 7排3列2层/ [索取号:G633.412/C642] | 在馆 |